000 01483cam a2200361 a 4500
001 EDZ0000063587
003 StDuBDS
005 20161031105206.0
006 m||||||||d||||||||
007 cr |||||||||||
008 120315s2003 cau fo| 001|0|eng|d
020 _a9781452229676 (ebook) :
_cNo price
040 _aStDuBDS
_beng
_cStDuBDS
_epn
049 _aAlfaisal Main Library
050 0 _aHV4998
_b.D87 2003
082 0 4 _a306.1
_223
100 1 _aDurrant, Russil.
245 1 0 _aSubstance use & abuse
_h[electronic resource] :
_bcultural and historical perspectives /
_cRussil Durrant, Jo Thakker.
260 _aThousand Oaks, California ;
_aLondon :
_bSAGE,
_cc2003.
300 _a1 online resource (xi, 311 p.)
520 8 _aThe primary goal of the authors is to explore the cultural & historical variables that provide a contextual base to drug abuse. They demonstrate how this approach can be integrated within a mainstream biopsychosocial perspective.
521 _aSpecialized.
588 _aDescription based on print version record.
504 _aIncludes bibliographical references and index.
650 0 _aSubstance abuse
_xSocial aspects.
650 0 _aDrug abuse
_xSocial aspects.
655 7 _aElectronic books.
_2local
700 1 _aThakker, Jo.
710 2 _aSage eBooks
776 0 8 _iPrint version :
_z9780761923428
856 4 0 _uhttp://ezproxy.alfaisal.edu/login?url=http://sk.sagepub.com/books/substance-use-and-abuse
942 _2lcc
_cEBOOKS
999 _c481353
_d481353